| 000 -LEADER |
| fixed length control field |
02195cam a22003734a 4500 |
| 001 - CONTROL NUMBER |
| control field |
14356114 |
| 005 - DATE AND TIME OF LATEST TRANSACTION |
| control field |
20170207121935.0 |
| 008 - FIXED-LENGTH DATA ELEMENTS--GENERAL INFORMATION |
| fixed length control field |
060427s2006 caua bc 001 0 eng |
| 010 ## - LIBRARY OF CONGRESS CONTROL NUMBER |
| LC control number |
2006014159 |
| 020 ## - INTERNATIONAL STANDARD BOOK NUMBER |
| International Standard Book Number |
0892368624 (pbk.) |
| 020 ## - INTERNATIONAL STANDARD BOOK NUMBER |
| International Standard Book Number |
9780892368624 (pbk.) |
| 035 ## - SYSTEM CONTROL NUMBER |
| System control number |
(OCoLC)ocm67978835 |
| 035 ## - SYSTEM CONTROL NUMBER |
| System control number |
(OCoLC)67978835 |
| 050 00 - LIBRARY OF CONGRESS CALL NUMBER |
| Classification number |
NC257 .B27B76 2006 |
| 100 1# - MAIN ENTRY--PERSONAL NAME |
| Personal name |
Brooks, Julian, |
| Dates associated with a name |
1969- |
| 245 10 - TITLE STATEMENT |
| Title |
Guercino : |
| Remainder of title |
mind to paper / |
| Statement of responsibility, etc. |
Julian Brooks with the assistance of Nathaniel E. Silver. |
| 260 ## - PUBLICATION, DISTRIBUTION, ETC. (IMPRINT) |
| Place of publication, distribution, etc. |
Los Angeles : |
| Name of publisher, distributor, etc. |
J. Paul Getty Museum, |
| Date of publication, distribution, etc. |
c2006. |
| 300 ## - PHYSICAL DESCRIPTION |
| Extent |
vii, 103 p. : |
| Other physical details |
ill. (some col.) ; |
| Dimensions |
28 cm. |
| 500 ## - GENERAL NOTE |
| General note |
"This catalogue was published to accompany the exhibition Guercino: mind to paper held at the J. Paul Getty Museum, Los Angeles, October 17, 2006, to January 21, 2007, and at the Courauld Institute of Art Gallery, London, February 22 to May 13, 2007"--T.p. verso. |
| 504 ## - BIBLIOGRAPHY, ETC. NOTE |
| Bibliography, etc |
Includes bibliographical references (p. 96-100) and index. |
| 505 0# - FORMATTED CONTENTS NOTE |
| Formatted contents note |
Guercino's life -- The Casa Gennari and the provenance of Sir Robert Witt's drawings -- Characterizing Guercino's draftsmanship -- Inventiveness and process -- Energy and spontaneity -- Texture, shadow, light, and space -- Humor and humanity -- Catalogue. |
| 600 00 - SUBJECT ADDED ENTRY--PERSONAL NAME |
| Personal name |
Guercino, |
| Dates associated with a name |
1591-1666 |
| General subdivision |
Criticism and interpretation. |
| 600 00 - SUBJECT ADDED ENTRY--PERSONAL NAME |
| Personal name |
Guercino, |
| Dates associated with a name |
1591-1666 |
| Form subdivision |
Exhibitions. |
| 700 1# - ADDED ENTRY--PERSONAL NAME |
| Personal name |
Silver, Nathaniel E. |
| 856 41 - ELECTRONIC LOCATION AND ACCESS |
| Materials specified |
Table of contents only |
| Uniform Resource Identifier |
<a href="http://www.loc.gov/catdir/toc/ecip0613/2006014159.html">http://www.loc.gov/catdir/toc/ecip0613/2006014159.html</a> |
| 856 42 - ELECTRONIC LOCATION AND ACCESS |
| Materials specified |
Contributor biographical information |
| Uniform Resource Identifier |
<a href="http://www.loc.gov/catdir/enhancements/fy0723/2006014159-b.html">http://www.loc.gov/catdir/enhancements/fy0723/2006014159-b.html</a> |
| 856 42 - ELECTRONIC LOCATION AND ACCESS |
| Materials specified |
Publisher description |
| Uniform Resource Identifier |
<a href="http://www.loc.gov/catdir/enhancements/fy0723/2006014159-d.html">http://www.loc.gov/catdir/enhancements/fy0723/2006014159-d.html</a> |
| 942 ## - ADDED ENTRY ELEMENTS (KOHA) |
| Source of classification or shelving scheme |
|
| Koha item type |
Hard Covered Materials |